000 00515nam a2200181Ia 4500
008 090123s9999 xx 000 0 und d
082 _b3623
100 _aतल्हार मनोहर
245 _aगोरी मोरी
250 _a1
260 _bटेकाडे मं.
_c1974
300 _a36
600 _aतल्हार मनोहर
630 _aगोरी मोरी
700 _aतल्हार मनोहर
730 _aगोरी मोरी
942 _cBOOK
999 _c41703
_d41703